000 01044cam5a220018100 4500
001 zam00010022
008 970717n xx eng u
035 _a(Sirsi) r140022
040 _dUPRA
100 _aUNECA.
_6A105146.1
245 1 0 _aMeasures to ensure the harmonization of tax systems and policies in the West African subregion in order to facilitate economic cooperation and investment.
260 _aAddis Ababa :
_bUNECA,
_c1985.
520 _aThis study formulates proposals for the harmonisation of tax policies in the West African subregion towards national, intra-regional and internationalinvestment, in order to further economic integration of the subregion and in order to create a regional investment attractive to international investments.
650 4 _aEconomic Cooperation.
_6S59596.2
650 4 _aWest Africa -- Investment -- Economic integration.
_xWest Africa -- Investment -- Economic integration.
_xWest Africa -- Investment -- Economic integration.
_6S76255.1
949 1 0 _mINESOR
_tBOOK
_lON-SHELF
004 140022
999 _c28645
_d28645